Les films d'horreur cultes - Statistiques

Statistiques générales
  • Ce quiz a été pris 206 fois
  • Le résultat moyen est 28 sur 291
Statistiques - réponses
Année Film % Correct
2017 Ça
74%
2013 Conjuring: Les Dossiers Warren
69%
1996 | 2022 Scream
69%
1980 Vendredi 13
68%
2004 Saw
65%
1980 Shining
59%
1973 L'Exorciste
56%
1974 | 2022 Massacre à la tronçonneuse
56%
1931 | 1992 Dracula
51%
1960 Psychose
51%
1979 Alien, le huitième passager
48%
1984 Les Griffes de la nuit
47%
1975 Les Dents de la mer
39%
1991 Le Silence des agneaux
39%
2007 [●REC]
36%
1931 Frankenstein
34%
1977 La colline a des yeux
34%
1999 Le Projet Blair Witch
34%
1982 The Thing
34%
2009 Paranormal Activity
32%
2010 Insidious
31%
2000 Destination finale
30%
2017 Get out
30%
2012 Sinister
30%
1981 | 2013 Evil Dead
29%
1963 Les Oiseaux
29%
1986 La Mouche
28%
1982 Poltergeist
28%
1968 La Nuit des morts-vivants
27%
2017 Terrifier
27%
1979 Amityville: La Maison du diable
26%
1978 La Nuit des masques
26%
1976 Carrie au bal du diable
24%
2016 Conjuring 2: Le Cas Enfield
23%
1988 Jeu d'enfant
23%
2004 The Grudge
23%
2002 28 jours plus tard
21%
2019 Ça :chapitre 2
21%
2002 Le Cercle
21%
1997 Souviens-toi...l'été dernier
21%
2018 Sans un bruit
19%
2000 American Psycho
18%
2018 Hérédité
18%
1990 Misery
18%
2006 The Host
18%
2005 The Descent
17%
2014 It Follows
17%
2001 Les Autres
17%
1992 Candyman
16%
1976 La Malédiction
16%
1932 La Momie
16%
1968 Rosemary's Baby
16%
1980 Cannibal Holocaust
14%
1983 Christine
14%
2009 Esther
14%
2012 La Cabane dans les bois
14%
1941 Le Loup-garou
14%
1989 | 2019 Simetierre
14%
1977 Suspiria
14%
1984 Gremlins
13%
2007 The Mist
13%
1978 Zombie
13%
2016 Dernier train pour Busan
12%
1998 Ring
12%
2015 The Visit
12%
2004 Shaun of the Dead
11%
2016 Grave
11%
1981 Le Loup-garou de Londres
11%
2008 Martyrs
11%
1999 Sixième Sens
11%
2022 Terrifier 2
11%
2015 The Witch
11%
1987 Evil Dead 2
9%
1954 Godzilla
9%
1972 La Dernière maison sur la gauche
9%
1925 Le Fantôme de l'Opéra
9%
1933 L'Homme invisible
9%
2014 Mister Babadook
9%
1977 House
8%
1933 King Kong
8%
1935 La Fiancée de Frankenstein
8%
2004 L'Armée des morts
8%
1988 Le Blob
8%
1955 Le Monstre
8%
1960 Les Yeux sans visage
8%
1922 Nosferatu le vampire
8%
2009 [●REC] 2
8%
2019 Doctor Sleep
7%
2022 Halloween Ends
7%
2003 Haute Tension
7%
2009 Jusqu'en enfer
7%
1963 La Maison du diable
7%
1981 Possession
7%
2016 Split
7%
2008 | 2016 The Strangers
7%
2007 A l'intérieur
6%
1999 Audition
6%
1992 Braindead
6%
1997 Funny Games
6%
1981 Hurlements
6%
1942 La Féline
6%
1987 Le Pacte
6%
1980 Maniac
6%
2021 Old
6%
1995 Seven
6%
1973 The Wicker Man
6%
1986 Aliens, le retour
5%
1974 Black Christmas
5%
1983 Vidéodrome
5%
1955 La Nuit du chasseur
5%
1920 Le Golem
5%
1978 Piranhas
5%
2021 Titane
5%
2009 Bienvenue à Zombieland
4%
2002 Dark Water
4%
1920 Le Cabinet du docteur Caligari
4%
1980 Fog
4%
1990 "Il" est revenu
4%
2001 Kairo
4%
1994 L'Antre de la folie
4%
1961 Les Innocents
4%
1960 Le Village des Damnés
4%
1978 L'Invasion des profanateurs
4%
2008 Morse
4%
1979 Phantasm
4%
2020 Sans un bruit 2
4%
2004 Shutter
4%
2020 The Hunt
4%
1990 Tremors
4%
1996 Une nuit en enfer
4%
2021 Affamés
3%
2009 Antichrist
3%
1945 Au coeur de la nuit
3%
1979 Chromosome 3
3%
1982 Creepshow
3%
1993 Cronos
3%
1931 Docteur Jekyll et M.Hyde
3%
1977 Eraserhead
3%
1997 Event Horizon, le vaisseau de l'au-delà
3%
1988 Faux-semblants
3%
1971 La Baie sanglante
3%
1921 La Charrette fantôme
3%
1951 La Chose d'un autre monde
3%
1928 La Chute de la Maison Usher
3%
1960 La Chute de la maison Usher
3%
1932 La Monstrueuse Parade
3%
1922 La Sorcellerie à travers les âges
3%
2005 Le Cercle 2
3%
1934 Le Chat noir
3%
1990 L'Echelle de Jacob
3%
2001 L'Echine du Diable
3%
1985 Le Jour des morts-vivants
3%
1980 L'Enfant du Diable
3%
1971 Les Diables
3%
1975 Les Frissons de l'angoisse
3%
1932 L'Ile du docteur Moreau
3%
2002 May
3%
1973 Ne vous retournez pas
3%
1987 Opéra
3%
1985 Re-Animator
3%
1957 Rendez-vous avec la peur
3%
1965 Répulsion
3%
1989 Society
3%
2007 Teeth
3%
2005 The Devil's Rejects
3%
2013 The Mirror
3%
2007 Trick 'r Treat
3%
1985 Vampire, vous avez dit vampire ?
3%
1932 Vampyr
3%
1943 Vaudou
3%
2005 Wolf Creek
3%
2021 Army of the Dead
2%
1987 Aux frontières de l'aube
2%
2006 Bug
2%
1958 Danger planétaire
2%
1983 Dead Zone
2%
1985 Démons
2%
2000 Ginger Snaps
2%
2015 Green Room
2%
1986 Hitcher
2%
2006 Horribilis
2%
2010 J'ai rencontré le Diable
2%
2003 Ju-on: The Grudge
2%
1964 Kwaidan
2%
1957 La Marque
2%
1958 La Mouche noire
2%
1962 Le Carnaval des âmes
2%
1935 Le Corbeau
2%
1939 Le Fils de Frankenstein
2%
1994 Le Fléau
2%
1964 Le Masque de la mort rouge
2%
1960 Le Masque du démon
2%
1935 Le Monstre de Londres
2%
1945 Le Récupérateur de cadavres
2%
1985 Le Retour des morts-vivants
2%
1935 Les Mains d'Orlac
2%
1954 L'Etrange Créature du lac noir
2%
1960 Le Voyeur
2%
1927 L'Inconnu
2%
1956 L'Invasion des profanateurs de sépultures
2%
1970 L'Oiseau au plumage de cristal
2%
1927 Londres après minuit
2%
1964 Onibaba
2%
1984 Razorback
2%
2001 Session 9
2%
1930 The Cat Creeps
2%
2006 The Grudge 2
2%
2010 The Troll Hunter
2%
2013 Under the Skin
2%
1932 Une soirée étrange
2%
2011 You're Next
2%
2020 Amulet
1%
2000 Apparences
1%
1972 Asylum
1%
2011 Attack the Block
1%
1986 Aux portes de l'au-delà
1%
2012 Berberian Sound Studio
1%
2006 Cold Prey
1%
2015 Crimson Peak
1%
1994 Dellamorte Dellamore
1%
1963 Dementia 13
1%
2006 Derrière le masque
1%
1954 Des monstres attaquent la ville
1%
2003 Deux Soeurs
1%
2022 Ego
1%
2001 Emprise
1%
2022 Firestarter
1%
1957 Frankenstein s'est échappé
1%
1975 Frissons
1%
2003 Gozu
1%
2020 Gretel & Hansel
1%
1986 Henry, portrait d'un serial killer
1%
2020 His House
1%
2017 It Comes at Night
1%
2003 Ju-on: The Grudge 2
1%
2011 Kill List
1%
1971 L'Abominable Docteur Phibes
1%
1961 La Chambre des tortures
1%
2010 Laisse-moi entrer
1%
1976 La Maison aux fenêtres qui rient
1%
1973 La Maison des damnés
1%
1959 La Nuit de tous les mystères
1%
1977 La Sentinelle des maudits
1%
1981 L'Au-delà
1%
1958 Le Cauchemar de Dracula
1%
1995 Le Cavalier du Diable
1%
1968 Le Grand Inquisiteur
1%
1953 Le Météore de la nuit
1%
1979 L'Enfer des zombies
1%
1963 Les Trois visages de la peur
1%
1968 Les Vierges de Satan
1%
1994 Le Veilleur de nuit
1%
1953 L'Homme au masque de cire
1%
1963 L'Horrible Cas du docteur X
1%
1977 Martin
1%
1976 Meurtres sous contrôle
1%
1961 Mr.Sardonicus
1%
1979 Nosferatu, fantôme de la nuit
1%
1966 Opération peur
1%
1963 Orgie sanglante
1%
1989 Santa Sangre
1%
1981 Scanners
1%
1967 Seule dans la nuit
1%
1997 Shining: Les Couloirs du Temps
1%
1992 Simetierre 2
1%
1964 Six Femmes pour l'assassin
1%
1973 Soeurs de sang
1%
2009 The Grudge 3
1%
2009 The House of the Devil
1%
2011 The Innkeepers
1%
2015 The Invitation
1%
2009 The Loved Ones
1%
2009 Thirst, ceci est mon sang
1%
2001 Trouble Every Day
1%
2014 Vampires en toute intimité
1%
1999 Vorace
1%
2013 We Are What Whe Are
1%
1932 White Zombie
1%
2014 A Girls Walks Home Alone at Night
0%
1976 Alice, double Alice
0%
2016 Don't Breathe: La Maison des ténèbres
0%
2007 L'Orphelnat
0%
2022 Morbius
0%
2002 The Eyre
0%
2016 Under the Shadows
0%
Aucun quiz correspondant
Distribution des résultats
% des personnes avec chaque résultat
Percentile par nombre de réponses
Votre historique - résultats
Vous n’avez pas pris ce quiz